A multimethod model for practicum and clinical supervision in nurshing homes (Record no. 73126)

MARC details
000 -CABECERA
campo de control de longitud fija 00567nam a2200205 a 4500
005 - FECHA Y HORA DE LA ÚLTIMA TRANSACCIÓN
campo de control 20210219153303.0
008 - ELEMENTOS DE LONGITUD FIJA--INFORMACIÓN GENERAL
campo de control de longitud fija 991125n 000 0 u
035 ## - NÚMERO DE CONTROL DEL SISTEMA
Número de control de sistema UPN01000088626
100 1# - ASIENTO PRINCIPAL--NOMBRE PERSONAL
Nombre de persona Duffy, Michael
222 ## - TÍTULO CLAVE
Título clave COUNSELOR EDUCATION AND SUPERVISION
245 ## - MENCIÓN DE TÍTULO
Título A multimethod model for practicum and clinical supervision in nurshing homes
300 ## - DESCRIPCIÓN FÍSICA
Extensión 61-69
362 0# - FECHAS DE PUBLICACIÓN Y/O DESIGNACIÓN SECUENCIAL
Fecha de publicación y/o designación secuencial 1992 Vol. 32, no. 1
653 0# - TERMINO DE INDIZACION - NO CONTROLADO
Término no controlado ADULTO MAYOR
653 0# - TERMINO DE INDIZACION - NO CONTROLADO
Término no controlado CASA DE REPOSO
653 0# - TERMINO DE INDIZACION - NO CONTROLADO
Término no controlado ASESORES
653 0# - TERMINO DE INDIZACION - NO CONTROLADO
Término no controlado SUPERVISION
904 ## - ELEMENTOS DE DATOS D LOCAL, LDD (RLIN)
a AC
b 026437
905 ## - TIPO DE MATERIAL
Tipo de material Articulo

No items available.